Statystyki dla ZACHCIANKI KOBIET W CIĄŻY:

Kliknij tutaj aby rozwiązać quiz!

Ogólne statystyki

  • Ten quiz został rozwiązany 64 razy
  • Średni wynik to 2 z 6

Statystyki odpowiedzi

Odpowiedź% Poprawnych
OGÓRKI KISZONE
66%
SŁODYCZE
64%
LODY
47%
ŚLEDZIE
34%
OWOCE
26%
BITA ŚMIETANA
6%

Rozkład punktacji

Percentyl według liczby udzielonych odpowiedzi

Procent ludzi z każdym wynikiem

Twoja historia wyników

Nie rozwiązałeś tego quizu